| 000 | 00755nam a2200337Ia 4500 | ||
|---|---|---|---|
| 001 | 661 | ||
| 008 | 191123s9999 xx 000 0 und d | ||
| 041 | _aeng | ||
| 041 | _afre | ||
| 041 | _aita | ||
| 041 | _aspa | ||
| 044 | _axxk | ||
| 100 | _aAglio, Augustine, | ||
| 245 | 0 | _aAncient mexican paintings and hieroglyphics. | |
| 260 |
_aLondon : _bRobert Havell ;Colnaghi, _c1831. |
||
| 300 | _a9 v. | ||
| 500 | _aEdición facsimilar | ||
| 650 | _aARQUITECTURA | ||
| 650 | _aKINGSBOROUGH, LORD | ||
| 650 | _aMEJICO | ||
| 650 | _aPINTURA | ||
| 650 | _aPRECOLOMBINO | ||
| 902 | _aM | ||
| 903 | _am | ||
| 904 | _am | ||
| 907 | _aImpreso | ||
| 911 | _aláminas color | ||
| 912 | _a1831 | ||
| 942 | _cLIBRO | ||
| 999 |
_c460 _d460 |
||